000 03203cam a2200445 a 4500
001 15487683
003 OSt
005 20210417113433.0
008 081017s2009 nyu b 001 0 eng
010 _a 2008044798
020 _a0385523769
020 _a9780385523769
035 _a(OCoLC)ocn263146959
040 _aDLC
_cDLC
_dC#P
_dBUR
_dBWX
_dYDXCP
_dCDX
_dPRV
_dIAY
_dDMZ
_dDLC
050 0 0 _aJZ1318
_b.M64 2009
080 _a32
_bM-78
082 0 0 _a303.48/2
_222
100 1 _aMoïsi, Dominique.
245 1 4 _aThe geopolitics of emotion :
_bhow cultures of fear, humiliation, and hope are reshaping the world /
_cDominique Moïsi.
250 _a1st ed., [American ed.]
260 _aNew York :
_bDoubleday,
_cc2009.
300 _axii, 176 p. ;
_c25 cm.
365 _b21.95 usd
504 _aIncludes bibliographical references (p. [169]-172) and index.
505 0 _aIntroduction: The clash of emotions -- Globalization, identity, and emotions -- The culture of hope -- The culture of humiliation -- The culture of fear -- Hard cases -- The world in 2025.
520 _aThe first book to investigate the far-reaching emotional impact of globalization. Dominique Moïsi, an authority on international affairs, argues that our post-9/11 world has become divided by more than cultural fault lines. He chronicles how the geopolitics of today is characterized by a "clash of emotions," and how cultures of fear, humiliation, and hope are reshaping the world. Moïsi contends that the United States and Europe have been dominated by fears of the "other" and of their loss of a national identity and purpose. For Muslims, the combination of historical grievances, exclusion from the economic boon of globalization, and civil and religious conflicts have created a culture of humiliation that is quickly devolving into a culture of hatred. Meanwhile, Asia has been able to concentrate on building a better future and seizing the economic initiative from the American-dominated West, creating a new culture of hope. How will these varying emotions influence the political, social, and cultural conflicts that roil our world? And what will the effect of the world economic crisis be?--From publisher description.
650 0 _aGlobalization
_xPsychological aspects.
650 0 _aCultural relations
_xPsychological aspects.
650 0 _aGeopolitics
_xPsychological aspects.
653 _aგლობალიზაცია
653 _aკულტურული ურთიერთობები
653 _aგეოპოლიტიკა
856 4 2 _3Contributor biographical information
_uhttp://www.loc.gov/catdir/enhancements/fy1007/2008044798-b.html
856 4 2 _3Publisher description
_uhttp://www.loc.gov/catdir/enhancements/fy1007/2008044798-d.html
856 4 1 _3Sample text
_uhttp://www.loc.gov/catdir/enhancements/fy1007/2008044798-s.html
856 4 1 _3Table of contents only
_uhttp://www.loc.gov/catdir/enhancements/fy1007/2008044798-t.html
906 _a7
_bcbc
_corignew
_d1
_eecip
_f20
_gy-gencatlg
942 _2udc
_cBK
_e1
999 _c208
_d208